000
00251 a2200109 4500
001
58688
082
_a
623.451 LEN
090
_c
36009
_d
36009
100
_a
Duncan Lennox
245
_a
Air launched weapons 1999
_b
jane's
260
_a
UK
_b
JAnes
_c
1999
942
_a
NUST-CAE
_k
623.451 LEN
999
_c
293761
_d
293761